000
00291nam a22001097a 4500
008
160520b xxu||||| |||| 00| 0 eng d
020
_a
0721622291
041
_a
eng
080
_a
611
245
_a
Nelson Essentials of pediatrics:
_c
Richard E. Behrman M D;Robert Klirgman M.D;
942
_2
udc
_c
BK
999
_c
2318
_d
2318